| 000 | 00397nam a2200157Ia 4500 | ||
|---|---|---|---|
| 008 | 230524s9999 xx 000 0 und d | ||
| 082 |
_a621.398 _bRAY |
||
| 100 | _aSubir Ray | ||
| 245 | 0 | _a"Electrical Power Systems Concepts,Theory and Practice" | |
| 250 | _a1ST | ||
| 260 |
_aNEW DELHI _bPHI _c2007 |
||
| 300 | _aXV;646 | ||
| 500 | _aQuantity Number: 2 | ||
| 650 | _aElectrical | ||
| 942 | _cBK | ||
| 999 |
_c36038 _d36038 |
||